Central Library OPAC University of Rajshahi

Plant biotechnology : (Record no. 66885)

MARC details
000 -LEADER
fixed length control field 00995nam a2200289 a 4500
001 - CONTROL NUMBER
control field 66885
003 - CONTROL NUMBER IDENTIFIER
rucl marc code BD-RjUL
005 - DATE AND TIME OF LATEST TRANSACTION
control field 20211209081605.0
008 - FIXED-LENGTH DATA ELEMENTS--GENERAL INFORMATION
fixed length control field 080124r20122008enka b 001 0 eng
020 ## - INTERNATIONAL STANDARD BOOK NUMBER
International Standard Book Number 9780199560875
035 ## - SYSTEM CONTROL NUMBER
System control number (BD-RjUL)67016
040 ## - CATALOGING SOURCE
Original cataloging agency DNLM/DLC
Transcribing agency DLC
Modifying agency DLC
-- BD-RjUL
Language of cataloging eng
041 ## - LANGUAGE CODE
Language code of text/sound track or separate title eng
082 00 - DEWEY DECIMAL CLASSIFICATION NUMBER
Edition number 23
Classification number 631.5233
Author mark and year SAP 2008
100 1# - MAIN ENTRY--PERSONAL NAME
Personal name Slater, Adrian.
9 (RLIN) 198044
245 10 - TITLE STATEMENT
Title Plant biotechnology :
Remainder of title the genetic manipulation of plants /
Statement of responsibility, etc. Adrian Slater, Nigel W. Scott, Mark R. Fowler.
250 ## - EDITION STATEMENT
Edition statement 2nd ed.
260 ## - PUBLICATION, DISTRIBUTION, ETC. (IMPRINT)
Place of publication, distribution, etc. Oxford ;
-- New York :
Name of publisher, distributor, etc. Oxford University Press,
Date of publication, distribution, etc. 2008 [reprint 2012]
300 ## - PHYSICAL DESCRIPTION
Pagination xxiii, 376 p. :
Illustrations ill. ;
Size 25 cm.
504 ## - BIBLIOGRAPHY, ETC. NOTE
Bibliography, etc Includes bibliographical references and index.
650 #0 - SUBJECT ADDED ENTRY--TOPICAL TERM
Topical term or geographic name as entry element Genetic engineering.
9 (RLIN) 198045
Topical term or geographic name as entry element Plants, Genetically Modified
General subdivision genetics.
9 (RLIN) 198046
Topical term or geographic name as entry element Crops, Agricultural
General subdivision genetics.
9 (RLIN) 198047
700 1# - ADDED ENTRY--PERSONAL NAME
Personal name Scott, Nigel W.
Personal name Fowler, Mark R.
942 ## - ADDED ENTRY ELEMENTS (KOHA)
Source of classification or shelving scheme Dewey Decimal Classification
Koha item type Books
Holdings
Lost status Source of classification or shelving scheme Damaged status Not for loan Collection code Permanent Location Current Location Shelving location Date acquired Source of acquisition Cost, normal purchase price Total Checkouts Full call number Date last seen Copy number Koha item type
  Dewey Decimal Classification   Not For Loan Non-fiction Central Library, University of Rajshahi Central Library, University of Rajshahi Reading Room 18/06/2013 Ahsina Mission, Dhaka 445.00   631.5233 SAP 2012 20/03/2017 C-1 Books